Obras completas ii : el budismo nihilista y otros ensayos /
Guardado en:
| Autor Principal: | |
|---|---|
| Formato: | Libro |
| Publicado: |
Buenos Aires :
Sudamericana,
1972
|
| Materias: | |
| Etiquetas: |
Agregar Etiqueta
Sin Etiquetas, Sea el primero en etiquetar este registro!
|
| LEADER | 00604nam a22001815a 4500 | ||
|---|---|---|---|
| 001 | CEM.cems009265 | ||
| 005 | 20090408092755.0 | ||
| 008 | 130507s1972##################000#0#####d | ||
| 003 | CEMS | ||
| 082 | 0 | 4 | |a 181 |
| 100 | 1 | |a Fatone, Vicente | |
| 245 | 1 | 0 | |a Obras completas ii : |b el budismo nihilista y otros ensayos / |c Vicente Fatone |
| 260 | |a Buenos Aires : |b Sudamericana, |c 1972 | ||
| 300 | |a 285 p. | ||
| 505 | 0 | |a El Budismo Nihilista -- La lógica en la India -- Psicoanálisis y budismo | |
| 653 | |a Budismo nihilista | ||
| 653 | |a Filosofía | ||
| 859 | |a CEMS |b BIB. CEMS - 11 de abril |h 181 |i F269 |p 6135.77 |t Ej.1 |v II |3 II | ||
